000 00565cam a2200193 4500
001 D6190
008 090401t1980 xxu||||| |||| 00| 0 eng d
035 _a(Sirsi) u89698
041 _aeng
050 _a692.9
110 _aJoint Contracts Tribunal
_93664
245 _aStandard form of employer/nominated sub-contract agreement 1980 edition (NSC/2a) Where tender NSC/1 has not been used.
260 _aLondon
_bRIBA
_c1980
300 _a4p. 30cm
350 _a6.05
520 _aFiled in box JCT 1980/10a (Archives only)
942 _n0
948 _c04/03/1997
999 _c97493
_d97493